| 000 | 01093cad a22002415a 4500 | ||
|---|---|---|---|
| 001 | E153467 | ||
| 008 | 110801s2010 xxk f 000 0 eng d | ||
| 020 | 1 | _a9781842195949 | |
| 035 | _a(Sirsi) u153467 | ||
| 041 | 0 | _aeng | |
| 100 | 1 | _aTiwari, Piyush | |
| 245 | 0 | 0 |
_aWhat has been the impact of Special Economic Zones on land and property markets in Hyderabad? _h[electronic resource] |
| 260 |
_aLondon _bRICS _c2010 |
||
| 490 | 0 | _aRICS Findings in Built and Rural Environments | |
| 520 | _aSpecial Economic Zones are industrial and commercial parks on urban fringes which offer incentives to occupiers and developers, and which have been introduced in India as a way to encourage economic development. This research examines their broader impacts on land and property markets. | ||
| 521 | _aAdvanced | ||
| 590 | _aKA | ||
| 651 | 4 | _aIndia | |
| 690 | _aPROPERTY-COMMERCIAL PROPERTY-COMMERCIAL PROPERTY MANAGEMENT | ||
| 700 | 1 | _aRastogi, Anupam | |
| 856 | 4 | 0 |
_uhttps://www.rics.org/Global/Downloads/Special_Enterprise_Zones_in_Hyderabad.pdf _zBroken link - not available |
| 942 | _n0 | ||
| 999 |
_c112532 _d112532 |
||